000
00279nam a22001217a 4500
008
170223b xxu||||| |||| 00| 0 eng d
041
_a
eng
080
_2
9780323088978
_a
617
100
_a
5
101
_a
SHK
245
_a
YEAR BOOK VASCULAR SURGERY
_c
MONETA.G.L
942
_2
udc
_c
BK
999
_c
6155
_d
6155